• 首页
  • 本馆介绍
  • 公告通知
  • 最新文献
  • 馆藏检索
  • 电子资源
  • 读者导购
  • 参考咨询
  • 我的图书馆
  • 登录
  • 详细信息显示
  • 放入我的书架
  • 预约/预借图书
  • 作者相关作品
  • 分类相关作品
  • 丛书相关作品
  • 出版社相关作品

书目信息

  • 表格格式
  • 工作单格式
  • 卡片格式
题名:
世界近代简史
    
 
作者: ;中国人民解放军五二九五一部队 , 南开大学历史系 编
分册: 下册  
出版信息: 天津   天津人民出版社  1977.11
页数: 557页
开本: 19cm
丛书名:
单 册:
中图分类: K14
科图分类:
主题词: 世界史:近代史
电子资源:
ISBN:
000 00728nam0 2200229 45
001 0205210846
005 20040507152122.9
010    @dCNY0.45
091    @a11072.28
100    @a20020521d1977 km y0chiy0120 ea
101 0  @achi
105    @a z 000yy
200 1  @a世界近代简史@AShi Jie Jin Dai Jian Shi@h下册@f中国人民解放军五二九五一部队,南开大学历史系编@FZhong Guo Ren Min Jie Fang Jun Wu Er Jiu Wu Yi BuDui,Nan Kai Da Xue Li Shi Xi Bian
210    @a天津@c天津人民出版社@d1977.11
215    @a557页@d19cm
306    @a内部发行
606 0  @a世界史:近代史
690    @aK14@v3
711 02 @a中国人民解放军五二九五一部队@4编
711 02 @a南开大学历史系@4编
801    @aCN@bTSTC@c20020521
905    @dK14@e1-2@f1@b1111
    
    世界近代简史.下册/中国人民解放军五二九五一部队,南开大学历史系编.-天津:天津人民出版社,1977.11
    557页;19cm
    
    
    ISBN :CNY0.45
    
●
相关链接 在E读中查询图书 在五车中查询图书 在当当中查询图书 在豆瓣中查询图书


正题名:世界近代简史     索取号:K14/1-2         预约/预借

序号 登录号 条形码 馆藏地/架位号 状态 备注
1 0001111   001417844   第二样本阅览室/ [索取号:K14/1-2] 在馆    
唐山师范学院图书馆 欢迎您!
大连网信软件有限公司© 版权所有